Dominik Hrbatý, ktorý od nedele trénuje v Prešove, po návrate z Brazílie: "Hral som lepšie ako na US Open"

Bibliographic Details
Main Authors: Grosmann, Tomáš (ain), Hrbatý, Dominik, 1978- (Author, uin)
Format: Article
Language:Slovak
PhysicalDescription:Fotogr.
ISSN:0139-7001
Subjects:

MARC

LEADER 00000nab a2200000 a 4500
001 vtls000806921
003 SK-MaSNL
005 20260302150117.0
008 180205c2002 xo 0 slo
015 |a SNBRB2002/10-30322 
035 |a CLN000158576 
040 |a SNKBUCL  |b slo  |c SNKBUCL  |e AACR2 
041 0 |a slo 
044 |a xo  |c SK 
080 |a 796.342.071  |2 UDC-MRF-SK2 
100 1 |a Grosmann, Tomáš  |4 ain  |9 5355 
245 1 0 |a Dominik Hrbatý, ktorý od nedele trénuje v Prešove, po návrate z Brazílie: "Hral som lepšie ako na US Open"  |c [zhováral sa] Tomáš Grosmann 
300 |b Fotogr. 
600 1 7 |a Hrbatý, Dominik,  |d 1978-  |2 snkbucl  |9 112447 
655 7 |a články z novín a časopisov  |2 snkbucl  |9 267496 
700 1 |a Hrbatý, Dominik,  |d 1978-  |4 aut  |4 uin  |9 112447 
773 0 |x 0139-7001  |t Šport  |g Roč. 56, č. 216 (17.9.2002), s. 5 
850 |a Slovenská národná knižnica v Martine 
852 |a SNK  |b KIS3GCP 
958 |a RBX 
999 |c 1356492  |d 1358422